Earth lab : exploring the earth sciences

Utilizing graphs and simple calculations, this clearly written lab manual complements the study of earth science or physical geology. Engaging activities are designed to help you develop data-gathering skills (e.g., mineral and rock identification) and data-analysis skills. You'll learn how to...

Descrición completa

Gardado en:
Detalles Bibliográficos
Autor Principal: Owen, Claudia
Formato: Libro
Idioma:Undetermined
Publicado: Belmont, CA Thomson Brooks/Cole 2006
Những chủ đề:
Các nhãn: Engadir etiqueta
Sen Etiquetas, Sexa o primeiro en etiquetar este rexistro!
Thư viện lưu trữ: Trung tâm Học liệu Trường Đại học Cần Thơ
LEADER 01075nam a2200229Ia 4500
001 CTU_132934
008 210402s9999 xx 000 0 und d
020 |c 1392000 
082 |a 550.78 
082 |b O.97 
100 |a Owen, Claudia 
245 0 |a Earth lab : 
245 0 |b exploring the earth sciences 
245 0 |c Claudia Owen, Diane Pirie, Grenville Draper 
260 |a Belmont, CA 
260 |b Thomson Brooks/Cole 
260 |c 2006 
520 |a Utilizing graphs and simple calculations, this clearly written lab manual complements the study of earth science or physical geology. Engaging activities are designed to help you develop data-gathering skills (e.g., mineral and rock identification) and data-analysis skills. You'll learn how to understand aerial and satellite images; to perceive the importance of stratigraphic columns, geologic sections, and seismic waves; and more 
650 |a Earth sciences,Khoa học trái đất 
650 |x Sách giáo khoa 
904 |i Hạ Nguyên 
980 |a Trung tâm Học liệu Trường Đại học Cần Thơ